| Tag |
First Indicator |
Second Indicator |
Subfields |
| LEADER |
00000cam a2200000 a 4500 |
| 001 |
in00000088074 |
| 005 |
20220103114820.0 |
| 007 |
cr unu a |
| 008 |
820724s1981 xx a b 00010 eng d |
| 035 |
|
|
|9 AAK5174AM
|
| 035 |
|
|
|a (OCoLC)08630199
|
| 040 |
|
|
|a TXA
|c TXA
|d UtOrBLW
|
| 043 |
|
|
|a n-us-tx
|
| 049 |
|
|
|a TXAZ [Also in] [Archives]
|c 1 [1803638], 2 [1803639]
|
| 099 |
|
|
|a 1981
|a Thesis
|a G368
|
| 100 |
1 |
|
|a Gerhard, Myron L.
|
| 245 |
1 |
0 |
|a Potential flow models of thunderstorm-environment interaction /
|c by Myron Lloyd Gerhard.
|
| 264 |
|
1 |
|a [Place of publication not identified] :
|b [publisher not identified] ;
|c 1981.
|
| 300 |
|
|
|a viii, 76 leaves :
|b illustrations ;
|c 29 cm.
|
| 336 |
|
|
|a text
|b txt
|2 rdacontent
|
| 337 |
|
|
|a computer
|b c
|2 rdamedia
|
| 338 |
|
|
|a online resource
|b cr
|2 rdacarrier
|
| 500 |
|
|
|a "Major subject: Meteorology."
|
| 500 |
|
|
|a Typescript (photocopy).
|
| 500 |
|
|
|a Vita.
|
| 502 |
|
|
|b M.S.
|c Texas A&M University
|d 1981.
|
| 504 |
|
|
|a Bibliography: leaves 68-70.
|
| 530 |
|
|
|a Also available online.
|
| 650 |
|
0 |
|a Atmospheric circulation
|x Mathematical models.
|
| 650 |
|
0 |
|a Atmospheric turbulence
|x Mathematical models.
|
| 650 |
|
0 |
|a Cloud physics.
|
| 650 |
|
0 |
|a Thunderstorms.
|
| 650 |
|
0 |
|a Thunderstorms
|z Texas.
|
| 650 |
|
4 |
|a Major meteorology.
|
| 856 |
4 |
1 |
|u https://hdl.handle.net/1969.1/ETD-TAMU-1981-THESIS-G368
|z Link to OAKTrust copy
|t 0
|
| 999 |
|
|
|a MARS
|
| 999 |
f |
f |
|s c4f503ec-3a20-3cf3-be64-21162e1a68ad
|i 4ce2e5dd-3208-3afc-9ac7-696f45e32d8d
|t 0
|
| 952 |
f |
f |
|p noncirc
|a Texas A&M University
|b J.J. Pickle Campus
|c High Density Repository
|s HDR
|d Remote Storage
|t 0
|e 1981 Thesis G368
|h Other scheme
|i computer -- online resource
|m A14841001258
|
| 952 |
f |
f |
|a Texas A&M University
|b College Station
|c Electronic Resources
|s www_evans
|d Available Online
|t 0
|e 1981 Thesis G368
|h Other scheme
|
| 998 |
f |
f |
|a 1981 Thesis G368
|t 0
|l Available Online
|
| 998 |
f |
f |
|a 1981 Thesis G368
|t 0
|l Remote Storage
|